| 000 | 00706nam a22002297a 4500 | ||
|---|---|---|---|
| 003 | UPN | ||
| 005 | 20240216093946.0 | ||
| 008 | 240131t1968 ag a|||| |||| 001 0 spa d | ||
| 040 |
_aMX-MxUPN _bspa |
||
| 041 | _aspa | ||
| 050 |
_aPR625 _bR47 1968 |
||
| 100 | 1 |
_950998 _aRest, Jaime, _d1927-1979 |
|
| 245 | 1 | 3 | _aEl teatro inglés |
| 260 |
_aBuenos Aires, Argentina : _bCentro Editor de América Latina, _c©1968. |
||
| 300 |
_a103 páginas : _bilustraciones. |
||
| 490 | 0 |
_aEnciclopedia de teatro, Historia; _v7 |
|
| 504 | _aIncluye bibliografía. | ||
| 650 | 0 |
_951000 _aTeatro inglés _xHistoria y crítica |
|
| 902 |
_aGCH300124 _bMaríaRobles/120224 |
||
| 942 |
_2lcc _cLIBRO _n0 |
||
| 999 |
_c210899 _d210899 |
||